Wiedza ogólna o świecie #7 - Statystyki

Ogólne statystyki
  • Ten quiz został rozwiązany 76 razy
  • Średni wynik to 11 z 15
Statystyki odpowiedzi
Pytanie Odpowiedź % Poprawnych
Z ilu kontynentów składa się świat? 7
97%
Jakie miasto jest stolicą Brazylii? Brasília
97%
W jakim kraju znajduje się starożytny Akropol? Grecja
97%
Jakie zwierzę potrafi zmieniać kolor skóry, dostosowując się do otoczenia? Kameleon
95%
Jaka jest stolica Turcji? Ankara
92%
Kto jest rekordzistą świata w biegu na 100 metrów? Usain Bolt
80%
Kto namalował fresk „Ostatnia Wieczerza”? Leonardo da Vinci
75%
Jak nazywa się najwyższa góra w Europie? Mont Blanc
72%
Który ocean jest najmniejszy pod względem powierzchni? Ocean Arktyczny
68%
Jaki jest chemiczny wzór soli kuchennej? NaCl
65%
Kto jest autorem „Roku 1984”? George Orwell
63%
Jak nazywa się waluta używana w Indiach? Rupia
57%
Jak nazywa się największy półwysep na świecie? Półwysep Arabski
47%
Jak nazywa się warstwa atmosfery, w której występuje ozon chroniący Ziemię przed promieniowaniem UV? Stratosfera
38%
Jak nazywa się najwyższy wodospad na świecie? Salto Angel
35%
Nie znaleziono quizów pasujących do podanych kryteriów
Rozkład punktacji
Procent ludzi z każdym wynikiem
Percentyl według liczby udzielonych odpowiedzi
Twoja historia wyników
Nie rozwiązałeś tego quizu